000 00265nam a2200097Ia 4500
001 650244
005 20250826154355.0
008 250824s9999 xx 000 0 und d
245 0 _aYERALTINDAN NOTLAR ANTİK YENİ
_cDOSTOYEVSKİ
260 _bANTİK DÜNYA KLASİKLERİ
999 _c650244
_d650244